000 00365 a2200109 4500
001 ART_10865
005 20260410161853.0
008 260409a
245 1 0 _aEscupamos sobre Júpiter
100 1 _aLitardo, Emiliano
773 0 _tFilosofía del derecho
_gCuestiones conceptuales, metodológicas y normativas - Año I, Nº 1 (mayo 2012)
_wREV10449
999 _c25179
_d25179